Normal view MARC view
  • Servicios de información

Entry Materia

Number of records used in: 41

001 - NÚMERO DE CONTROL DEL REGISTRO

  • campo de control: 7892

003 - IDENTIFICADOR DE NUMERO DE CONTROL

  • campo de control: MX-MxUPN

005 - FECHA Y HORA DE LA ÚLTIMA TRANSACCIÓN

  • campo de control: 20250401151116.0

008 - DATOS DE LONGITUD FIJA

  • campo de control de longitud fija: 250401n| acnnnbabn | ana |d

035 ## - NÚMERO DE CONTROL DEL SISTEMA

  • Número de control del sistema: UPN10000007897

040 ## - FUENTE DE LA CATALOGACIÓN

  • Centro catalogador de origen: MX-MxUPN
  • Lengua de catalogación: spa
  • Agencia de transcripción: MX-MxUPN

053 #4 - NÚMERO CLASIFICADOR - BIBLIOTECA DEL CONGRESO (LC)

  • Elemento numérico de la clasificación - Número único o no. inicial del rango: Z674.4

150 ## - ENCABEZAMIENTO - TEMÁTICO

  • Término de materia o nombre geográfico como elemento inicial: Servicios de información

360 ## - REFERENCIA COMPLEJA DE VÉASE ADEMÁS - MATERIA

  • Texto explicativo: Véase también
  • Encabezamiento al que se remite: SERVICIOS DE INFORMACION
  • Texto explicativo: bajo materias u organizaciones especiales. Ej.:
  • Encabezamiento al que se remite: BIBLIOTECAS - SERVICIOS DE INFORMACION ; NACIONES UNIDAS SERVICIOS DE INFORMACION ; NIÑOS - BENEFICENCIA, PROTECCION, ETC. - SERVICIOS DE INFORMACION

670 ## - FUENTE EN LA QUE SE LOCALIZARON DATOS

  • Cita de la fuente: E

902 ## - CATALOGADOR

  • Catalogador: MMA/220598